|
|
|
|
| LEADER |
01059nam a2200349 4500 |
| 001 |
DLU060056247 |
| 005 |
##19980617193726.4 |
| 008 |
##950109s1994 si a b 001 0 eng d |
| 010 |
# |
# |
|a 95132532
|
| 020 |
# |
# |
|a 9810217773
|
| 035 |
# |
# |
|9 (DLC) 95132532
|
| 035 |
# |
# |
|a (OCoLC)31790197
|
| 040 |
# |
# |
|a DGW
|c DGW
|d IU
|d DLC
|d WaU
|
| 042 |
# |
# |
|a lccopycat
|
| 082 |
# |
# |
|a 004.35
|b Par
|
| 245 |
# |
# |
|a Parallel substitution algorithm :
|b theory and application /
|c S. Achasova ... [et al.]
|
| 260 |
# |
# |
|a Singapore ; River Edge, NJ :
|b World Scientific,
|c c1994.
|
| 300 |
# |
# |
|a ix, 220 p. :
|b ill. ;
|c 22 cm.
|
| 504 |
# |
# |
|a Includes bibliographical references (p. [213]-216) and index.
|
| 650 |
# |
# |
|a Parallel algorithms.
|
| 650 |
# |
# |
|a Parallel processing (Electronic computers)
|
| 700 |
# |
# |
|a Achasova, S. M.
|q (Svetlana Mikha?ovna)
|
| 923 |
# |
# |
|a 26/2006
|
| 992 |
# |
# |
|a 9200
|
| 994 |
# |
# |
|a DLU
|
| 900 |
# |
# |
|a True
|
| 911 |
# |
# |
|a Thái Thị Thanh Thủy
|
| 925 |
# |
# |
|a G
|
| 926 |
# |
# |
|a A
|
| 927 |
# |
# |
|a SH
|
| 980 |
# |
# |
|a Thư viện Trường Đại học Đà Lạt
|